BIBLIOTECA PODER JUDICIAL
Portal Judicial TDF

Derecho internacional contemporaneo : (Registro nro. 510)

000 -LEADER
fixed length control field 01035nam a22002177a 4500
003 - CONTROL NUMBER IDENTIFIER
control field OSt
005 - DATE AND TIME OF LATEST TRANSACTION
control field 20180518045430.0
008 - FIXED-LENGTH DATA ELEMENTS--GENERAL INFORMATION
fixed length control field 180320b xxu||||| |||| 00| 0 spa d
020 ## - INTERNATIONAL STANDARD BOOK NUMBER
International Standard Book Number 950200579X
040 ## - CATALOGING SOURCE
Transcribing agency PJ
100 ## - ASIENTO PRINCIPAL - NOMBRE DE PERSONA
Personal name Maureen Williams, Silvia
9 (RLIN) 644
245 10 - MENCIÓN DE TÍTULO
Título propiamente dicho Derecho internacional contemporaneo :
Parte restante del título la utilización del espacio ultraterrestre /
Mención de responsabilidad, etc Silvia Maureen Williams.
260 ## - PUBLICATION, DISTRIBUTION, ETC. (IMPRINT)
Place of publication, distribution, etc Buenos Aires :
Name of publisher, distributor, etc Abeledo-Perrot,
Date of publication, distribution, etc 1990.
300 ## - DESCRIPCION FISICA
Extent 251 p.
Dimensions 23 cm.
500 ## - NOTA GENERAL
General note Notas y citas bibliográficas al pie de algunas páginas
505 ## - FORMATTED CONTENTS NOTE
Formatted contents note Contiene:<br/>Responsabilidad internacional y principios de justicia y equidad -- Régimen jurídico de la luna y sus recursos -- Derecho internacional y contaminación del espacio -- La iniciativa de defensa estratégica -- Radiodifusión directa desde satélites --Comercialización de las actividades espaciales.
650 #0 - ASIENTO SECUNDARIO DE MATERIA - TERMINO TEMATICO
9 (RLIN) 495
Topical term or geographic name as entry element DERECHO INTERNACIONAL
650 #0 - ASIENTO SECUNDARIO DE MATERIA - TERMINO TEMATICO
9 (RLIN) 651
Topical term or geographic name as entry element DERECHO ESPACIAL
650 #0 - ASIENTO SECUNDARIO DE MATERIA - TERMINO TEMATICO
9 (RLIN) 650
Topical term or geographic name as entry element ESPACIO ULTRATERRESTRE
942 ## - ADDED ENTRY ELEMENTS (KOHA)
Source of classification or shelving scheme
Koha item type Libros
Classification part 341.229
Item part MAU
Existencias
Withdrawn status Lost status Source of classification or shelving scheme Damaged status Not for loan Permanent Location Current Location Date acquired Full call number Barcode Date last seen Price effective from Koha item type
          Biblioteca Poder Judicial Sur Biblioteca Poder Judicial Sur 2018-05-17 341.229 MAU 1842 2018-05-17 2018-05-17 Libros

12 de Octubre 789 Ushuaia - Tel:  54(02901)441571
Horario de Atención: 8.00 a 17.00 hs. 
bibliotecaush@justierradelfuego.gov.ar
koha@justierradelfuego.gov.ar
Seguinos en nuestras redes @bibliojustdf 

Con tecnología Koha